<?xml version="1.0" encoding="UTF-8"?><?xml-stylesheet type="text/xsl" href="static/style.xsl"?><OAI-PMH xmlns="http://www.openarchives.org/OAI/2.0/" xmlns:xsi="http://www.w3.org/2001/XMLSchema-instance" xsi:schemaLocation="http://www.openarchives.org/OAI/2.0/ http://www.openarchives.org/OAI/2.0/OAI-PMH.xsd"><responseDate>2026-04-14T02:31:17Z</responseDate><request verb="GetRecord" identifier="oai:www.recercat.cat:20.500.12327/4796" metadataPrefix="marc">https://recercat.cat/oai/request</request><GetRecord><record><header><identifier>oai:recercat.cat:20.500.12327/4796</identifier><datestamp>2025-10-25T05:49:40Z</datestamp><setSpec>com_2072_4428</setSpec><setSpec>com_2072_4427</setSpec><setSpec>col_2072_487898</setSpec></header><metadata><record xmlns="http://www.loc.gov/MARC21/slim" xmlns:dcterms="http://purl.org/dc/terms/" xmlns:xsi="http://www.w3.org/2001/XMLSchema-instance" xmlns:doc="http://www.lyncode.com/xoai" xsi:schemaLocation="http://www.loc.gov/MARC21/slim http://www.loc.gov/standards/marcxml/schema/MARC21slim.xsd">
   <leader>00925njm 22002777a 4500</leader>
   <datafield ind2=" " ind1=" " tag="042">
      <subfield code="a">dc</subfield>
   </datafield>
   <datafield ind2=" " ind1=" " tag="720">
      <subfield code="a">Sagrera, Mònica</subfield>
      <subfield code="e">author</subfield>
   </datafield>
   <datafield ind2=" " ind1=" " tag="720">
      <subfield code="a">Cobos, Àlex</subfield>
      <subfield code="e">author</subfield>
   </datafield>
   <datafield ind2=" " ind1=" " tag="720">
      <subfield code="a">Garza-Moreno, Laura</subfield>
      <subfield code="e">author</subfield>
   </datafield>
   <datafield ind2=" " ind1=" " tag="720">
      <subfield code="a">Pérez Maíllo, Mónica</subfield>
      <subfield code="e">author</subfield>
   </datafield>
   <datafield ind2=" " ind1=" " tag="720">
      <subfield code="a">García-Buendía, Gema</subfield>
      <subfield code="e">author</subfield>
   </datafield>
   <datafield ind2=" " ind1=" " tag="720">
      <subfield code="a">Huerta Medina, Eva</subfield>
      <subfield code="e">author</subfield>
   </datafield>
   <datafield ind2=" " ind1=" " tag="720">
      <subfield code="a">Llorens Segalés, Anna Maria</subfield>
      <subfield code="e">author</subfield>
   </datafield>
   <datafield ind2=" " ind1=" " tag="720">
      <subfield code="a">Espigares, David</subfield>
      <subfield code="e">author</subfield>
   </datafield>
   <datafield ind2=" " ind1=" " tag="720">
      <subfield code="a">Sibila, Marina</subfield>
      <subfield code="e">author</subfield>
   </datafield>
   <datafield ind2=" " ind1=" " tag="720">
      <subfield code="a">Segalés, Joaquim</subfield>
      <subfield code="e">author</subfield>
   </datafield>
   <datafield ind2=" " ind1=" " tag="260">
      <subfield code="c">2025-08-20</subfield>
   </datafield>
   <datafield ind2=" " ind1=" " tag="520">
      <subfield code="a">Introduction: Detection of porcine circovirus 2 (PCV2) in lymphoid tissues is essential for diagnostic and research purposes. In situ hybridisation (ISH) enables the localisation of viral genomes in tissue sections but is traditionally assessed visually, which may introduce subjectivity.&#xd;
&#xd;
Methods: This study developed an automated pixel classifier to quantify the PCV2 genome using RNAscope® ISH technology. Four lymphoid tissues (tonsils and tracheobronchial, mesenteric, and superficial inguinal lymph nodes) from 66 experimentally inoculated pigs were analysed. PCV2 labelling was assessed both visually (scores 0–3) and digitally (percentage of labelled area).&#xd;
&#xd;
Results: A strong correlation was observed between visual and digital ISH scoring (ρ = 0.96), allowing the definition of digital thresholds corresponding to visual scores. Among all tissues, TBLN exhibited the highest PCV2 labelling. This tissue was further evaluated by PCV2 quantitative polymerase chain reaction (qPCR), showing a high correlation with digital ISH results (ρ = 0.85).&#xd;
&#xd;
Discussion: These findings demonstrate the reliability of digital pathology tools for objective quantification of PCV2 in lymphoid tissues. Automated scoring enhances consistency, reduces observer bias, and improves diagnostic efficiency in PCV2 research and surveillance.</subfield>
   </datafield>
   <datafield ind1="8" ind2=" " tag="024">
      <subfield code="a">Sagrera, Mònica, Àlex Cobos, Laura Garza-Moreno, Mónica Pérez, Gema García-Buendía, Eva Huerta, Anna Maria Llorens, David Espigares, Marina Sibila, and Joaquim Segalés. 2025. “Automated Pixel-based Quantification of Porcine Circovirus 2 Genome in Formalin-fixed, Paraffin-embedded Tissues Using in Situ Hybridisation.” Frontiers in Veterinary Science 12 (August). https://doi.org/10.3389/fvets.2025.1609897.</subfield>
   </datafield>
   <datafield ind1="8" ind2=" " tag="024">
      <subfield code="a">2297-1769</subfield>
   </datafield>
   <datafield ind1="8" ind2=" " tag="024">
      <subfield code="a">http://hdl.handle.net/20.500.12327/4796</subfield>
   </datafield>
   <datafield ind1="8" ind2=" " tag="024">
      <subfield code="a">https://doi.org/10.3389/fvets.2025.1609897</subfield>
   </datafield>
   <datafield ind2="0" ind1="0" tag="245">
      <subfield code="a">Automated pixel-based quantification of porcine circovirus 2 genome in formalin-fixed, paraffin-embedded tissues using in situ hybridisation</subfield>
   </datafield>
</record></metadata></record></GetRecord></OAI-PMH>